[Event "African Online-ch Open 2021"]
[Site "Online"]
[Date "2021.02.01"]
[Round "9.15"]
[White "Abdelazeez, Mohamed Abdalla"]
[Black "Simpson, Michael M"]
[Result "1/2-1/2"]
[WhiteElo "2214"]
[BlackElo "1995"]
[Annotator "TA"]
[PlyCount "94"]
[EventDate "2021.02.01"]
[EventType "swiss"]
[EventCountry "NET"]
[SourceTitle "playchess.com"]
[Source "ChessBase"]
[SourceQuality "1"]

{[%evp 10,94,52,38,68,1,23,-11,76,68,131,127,131,37,50,13,40,58,123,97,162,101,111,116,106,127,117,87,134,130,158,155,211,4,7,7,6,0,2,0,9,7,51,51,51,51,75,51,57,57,57,57,57,51,51,51,51,51,51,51,51,18,19,19,47,47,61,66,66,-28000,-28000,-28000,-28000,-28000,-28000,-28000,-28000,-28000,-28000,-28000,-28000,-28000,-28000,-28000,-28000,-28000,-28000]} 1. d4 d5 2. c4 e5 3. dxe5 d4 4. a3 Nc6 5. Nf3 Nge7 6. e3 Nf5 {D07: Queen's Gambit: Chigorin Defence.} 7. exd4 (7. Be2 $14) 7... Ncxd4 {[#]} 8. Nxd4 $146 ({Predecessor:} 8. Be2 Nxf3+ 9. Bxf3 Nd4 10. Bd5 c5 11. Be3 Qb6 12. b4 Bg4 13. Qa4+ Bd7 14. Bxf7+ Kxf7 15. Qxd7+ {1-0 (31) Suarez,P (2031)-Salvat,M (1799) Nueva Helvecia 2019}) 8... Nxd4 (8... Qxd4 $11 9. Qe2 Be6) 9. Be3 $16 c5 ({Black should try} 9... Bc5 $14) 10. Nc3 Be6 11. Bxd4 (11. Bd3 $16) 11... cxd4 $14 12. Nb5 (12. Nd5 $5) 12... Bc5 13. b4 Be7 (13... a6 $14 14. bxc5 axb5 15. cxb5 Qd5) 14. Qxd4 O-O (14... Qxd4 $16 {was worth a try.} 15. Nxd4 a5) 15. Qxd8 (15. Nd6 $18) 15... Rfxd8 16. Nc7 Rac8 17. Nxe6 fxe6 18. Rd1 (18. Be2 {with more complications.} a5 19. Rb1 axb4 20. axb4 Rd4 21. O-O) 18... Rxd1+ 19. Kxd1 $16 {[%mdl 4096] Endgame KRB-KRB} a5 20. c5 ({Resist} 20. bxa5 Rc5 $16) 20... Rd8+ (20... Rf8 $16) 21. Ke2 $2 {[#]} (21. Kc2 $18) 21... axb4 $11 22. axb4 {g3 is the strong threat.} Rd4 23. g3 {next Bh3 is good for White.} Rxb4 24. f4 Rb1 25. Bg2 Rxh1 (25... Rb2+ {is interesting.} 26. Kf3 Bxc5 27. Rc1 b6 28. Bf1 Rxh2 29. Bc4 Kf7) 26. Bxh1 Bxc5 27. Bxb7 {KB-KB} g5 28. Kf3 gxf4 29. gxf4 Kf7 30. Kg4 Be3 31. h4 Bd4 32. Be4 Kg7 33. Bc2 h6 34. Bb3 Kf7 35. Kh5 Be3 36. f5 {Hoping for Kg4.} Bf4 37. Bxe6+ Ke7 38. Kg6 {[#] Strongly threatening f6+.} Bxe5 39. Kxh6 $2 {[%mdl 8192]} (39. h5 $14) 39... Kf6 {Mate.} 40. Kh7 Bg3 41. h5 Bf4 42. Bd7 Bg5 43. Kg8 Bh6 44. Kh7 Bg5 45. Be6 Bf4 46. Bc8 Be3 47. Be6 Bf4 {[%mdl 32768] Never resign too early!  Weighted Error Value: White=0.49/Black=0.18. An unexpected result.} 1/2-1/2

[Event "African Online-ch Open 2021"]
[Site "Online"]
[Date "2021.02.01"]
[Round "9.16"]
[White "Mwashe, Philip"]
[Black "Oliveira, Luciano"]
[Result "0-1"]
[WhiteElo "1756"]
[BlackElo "2115"]
[Annotator "TA"]
[PlyCount "102"]
[EventDate "2021.02.01"]
[EventType "swiss"]
[EventCountry "NET"]
[SourceTitle "playchess.com"]
[Source "ChessBase"]
[SourceQuality "1"]

{[%evp 9,102,20,25,3,0,-2,-10,-7,0,0,0,0,0,-16,-12,-46,-22,-66,-39,-53,-54,-51,-21,-22,-16,-82,-22,-25,-19,-35,-8,-37,0,-37,-36,-347,-354,-354,-354,-366,-359,-357,-363,-337,-314,-337,-335,-381,-360,-369,-360,-362,-352,-347,-360,-349,-325,-447,-452,-483,-296,-297,-306,-368,-377,-373,-390,-29986,-29987,-29987,-29988,-29988,-5090,-2190,-1085,-1052,-1050,-1181,-1043,-1025,-1007,-939,-916,-1067,-1044,-29989,-29990,-29993,-29994,-29996,-29994,-29995,-29996,-29996,-992]} 1. e4 c5 2. c3 d5 3. exd5 Qxd5 4. d4 Nf6 5. Nf3 Bg4 6. Be3 {B22: Sicilian: 2 c3.} (6. Be2 {looks sharper.} cxd4 7. cxd4 Nc6 8. Nc3 Qa5 9. Be3) 6... cxd4 7. cxd4 (7. Qxd4 {feels hotter.} Nc6 8. Qa4 Bxf3 9. gxf3 e6 10. Rg1) 7... Bxf3 8. Qxf3 {The position is equal.} Qxf3 9. gxf3 a6 10. Nc3 e6 {[#]} 11. Bd3 $146 ({Predecessor:} 11. d5 Nxd5 12. Nxd5 exd5 13. O-O-O Nc6 14. Rxd5 Be7 15. Rg1 Rd8 16. Rxd8+ Bxd8 17. Rxg7 {1-0 (48) Bortnyk,O (2598)-Motylev,A (2641) chess.com INT 2020}) 11... Nc6 12. a3 (12. Be4 $5) 12... Rd8 13. Ne2 Be7 14. O-O O-O 15. Rfd1 Rd7 16. Rac1 Rc8 17. Nc3 (17. Be4 $11) 17... Rdd8 (17... Rcd8 $17 18. Ne2 e5) 18. Na4 $11 Nd5 19. Be4 Rc7 20. Bxd5 Rxd5 21. Bf4 Bd6 22. Nb6 $2 {[%mdl 8192] White does not recover from this.} Bxf4 $19 23. Nxd5 exd5 24. Rc5 Rd7 25. b4 Bd6 26. Rc3 Re7 27. Re3 Kf8 28. Kg2 Ke8 29. Rb3 Kd7 30. b5 Na5 31. Rbb1 Bxa3 32. bxa6 bxa6 33. Rd3 Nc4 34. Ra1 Bd6 35. Rxa6 Re2 36. Rb3 Rd2 37. Rb7+ Ke6 38. Raa7 $2 {[#]} (38. f4 $19) 38... Ne3+ 39. Kh3 Rxf2 {[%csl Gd6][%cal Rf2h2][%mdl 64] Double Attack} 40. f4 Bxf4 (40... Rf3+ $142 41. Kh4 Rxf4+ 42. Kh3 Rf6 43. Re7+ Bxe7 44. Rxe7+ Kxe7 45. Kg3 Rf1 46. h3 f6 47. Kh2 f5 48. Kg3 Kf6 49. Kh2 f4 50. h4 h5 51. Kh3 Rh1#) 41. Re7+ Kd6 {[%csl Gf4][%cal Rf2h2] [#]} 42. Rxe3 Bxe3 {[%mdl 4096] Endgame KRB-KR} 43. Kg3 Rf6 44. Ra6+ Ke7 45. Ra7+ Ke6 46. Ra6+ Kf5 47. Ra5 Ke4 {Black mates.} 48. Ra7 Rg6+ 49. Kh3 f5 50. Re7+ Kf3 {[%cal Rg6h6]} 51. Rxe3+ Kxe3 {Weighted Error Value: White=0.63/Black=0.48} 0-1

[Event "African Online-ch Open 2021"]
[Site "Online"]
[Date "2021.02.01"]
[Round "9.17"]
[White "Fernandes, Avelino"]
[Black "Sang, Ricky"]
[Result "1-0"]
[WhiteElo "1887"]
[BlackElo "1991"]
[Annotator "TA"]
[PlyCount "143"]
[EventDate "2021.02.01"]
[EventType "swiss"]
[EventCountry "NET"]
[SourceTitle "playchess.com"]
[Source "ChessBase"]
[SourceQuality "1"]

{[%evp 9,143,0,0,-7,0,-4,-12,-20,-4,-28,2,-16,-11,-14,0,-81,-76,-97,-86,-112,-86,-83,-77,-112,-91,-98,-98,-87,-35,-37,-16,-28,0,-58,41,0,0,0,0,0,0,0,-18,-77,-35,-57,-38,-48,17,17,17,16,44,32,21,8,182,158,162,154,147,25,546,218,183,158,135,137,270,217,439,461,450,447,416,418,29986,29987,29987,956,953,905,1255,1177,1091,1072,2762,2427,29965,1754,1967,1473,29970,3022,29980,29976,29982,29981,29980,29980,29980,29981,29984,29985,29985,29986,29985,29986,29989,29987,29990,29990,29990,29990,29990,29991,29991,29991,29992,29993,29994,29993,29994,29994,29995,29994,29994,29995,29995,29994,29996,29994,29995,29996,29998,29999]} 1. e4 c5 2. Bc4 d6 3. c3 Nf6 4. d3 e6 5. Bb3 Be7 {[#]} 6. Nd2 $146 {B22: Sicilian: 2 c3.} ({Predecessor:} 6. Ne2 b5 7. Ng3 Bb7 8. O-O h5 9. h3 h4 10. Ne2 Nbd7 11. Bc2 Qc7 12. a4 bxa4 {½-½ (88) Savic,M (2491)-Lapcevic,M (2372) Kragujevac 2016}) 6... a6 7. h3 b5 8. a4 {The position is equal.} b4 9. Ngf3 O-O 10. O-O a5 11. Re1 Bb7 12. c4 (12. Nc4 $11) 12... Nc6 $17 13. Nf1 Nd4 14. Ba2 e5 15. Ne3 Nd7 16. Nd5 Bxd5 17. cxd5 f5 18. Bc4 f4 (18... fxe4 $17 19. Nxd4 cxd4 20. dxe4 Bh4) 19. b3 $15 Nf6 20. Bb2 h6 21. Rc1 ({Better is} 21. Bxd4 $11 cxd4 22. Bb5) 21... g5 ({Black should try} 21... Nxf3+ $1 $15 22. Qxf3 Qe8) 22. Nxe5 dxe5 23. Bxd4 cxd4 24. d6+ $1 Kg7 25. dxe7 Qxe7 26. Rc2 (26. g3 $1 $11 {keeps the balance.}) 26... Rfc8 27. Qf3 Ra7 28. g3 fxg3 (28... Rc5 $15) 29. fxg3 $11 Rf8 30. Rf1 Nh7 31. Qg4 {aiming for Rxf8.} Rxf1+ 32. Kxf1 {White wants to play Rf2.} Ra8 $2 (32... Rc7 $1 $11) 33. Qe6 Rf8+ 34. Kg2 Qc7 {[#]} 35. h4 (35. g4 $1 $16) 35... Qb8 $2 {[%mdl 8192]} (35... h5 $11 {and Black is okay.}) 36. Bb5 $2 (36. Qe7+ Kh8 {[#]} 37. Bg8 $1 {[%mdl 512]} Rxg8 38. Rc7 Qxc7 39. Qxc7 gxh4 40. Qxe5+ {[%mdl 64] Double Attack} Rg7 41. Qxd4) 36... Rf6 $18 37. Qd7+ Rf7 38. Qc8 $36 {[%mdl 2048] White has strong initiative.} Qd6 (38... Qxc8 $16 39. Rxc8 gxh4) 39. Rc6 Qe7 (39... Qf8 {was worth a try.} 40. Qxf8+ (40. Qe6 Rf2+ 41. Kh3 Nf6 $11) 40... Rxf8) 40. Bc4 Rf8 {[#]} 41. Rc7 Rxc8 42. Rxe7+ {[%mdl 4096] Endgame KRB-KRN} Kg6 (42... Kh8 $18 43. Rxe5 Ra8) 43. h5+ Kxh5 44. Rxh7 {KRB-KR} (44. Bf7+ $142 Kg4 45. Be6+ {[%mdl 64] Double Attack} Kh5 46. Bxc8 Nf6 47. Rxe5 Kg6 48. Rxa5 Kf7 49. Ra7+ Kf8 50. a5) 44... Kg6 45. Rb7 g4 46. Rb5 Rf8 47. Rxe5 Rf3 48. Rxa5 Re3 49. Rd5 (49. Rf5 $142 Re1 50. Rf1 Re3 51. a5 h5 52. a6 h4 53. gxh4 g3 54. Ra1) 49... h5 50. Rxd4 h4 51. gxh4 (51. Rd6+ $142 Kg7 52. gxh4 Re2+ 53. Kg3 Re1 54. a5 Rg1+ 55. Kf2 Ra1 56. a6) 51... Rh3 52. Rd5 {White mates.} Rxh4 53. Kg3 Rh1 54. Kxg4 Rg1+ 55. Kf4 Kf6 56. a5 {[%cal Ba4a5,Ba5a6][%mdl 32]} Rf1+ 57. Ke3 Ra1 58. a6 Ke7 59. Kd4 Ra3 60. e5 Ra1 61. Rd6 Ra5 62. Rb6 Kd8 63. Rxb4 Kc8 64. Rb7 Ra1 65. b4 {[%cal Bb3b4,Bb4b5][%mdl 32]} Ra3 66. b5 Ra1 67. e6 Ra3 68. Kc5 Ra1 69. Kb6 Ra3 70. a7 Rxa7 71. Rxa7 {[%cal Ra7a8]} Kb8 72. e7 {[%cal Re7e8] Weighted Error Value: White=0.32/Black=0.98} 1-0

[Event "African Online-ch Open 2021"]
[Site "Online"]
[Date "2021.02.01"]
[Round "9.18"]
[White "Cambando, Jose"]
[Black "Kamara, Ansumana"]
[Result "1-0"]
[WhiteElo "2128"]
[BlackElo "1899"]
[Annotator "TA"]
[PlyCount "153"]
[EventDate "2021.02.01"]
[EventType "swiss"]
[EventCountry "NET"]
[SourceTitle "playchess.com"]
[Source "ChessBase"]
[SourceQuality "1"]

{[%evp 12,152,20,2,8,-12,23,18,23,19,32,25,64,56,63,60,72,73,186,202,238,213,228,183,188,98,125,96,276,258,325,325,341,283,262,283,350,340,496,377,374,345,350,364,464,502,547,386,384,367,387,382,533,515,535,535,534,560,562,575,565,558,808,804,786,770,856,814,772,738,1437,902,839,837,854,922,812,820,678,560,1504,1502,1196,1324,1420,1358,5643,5493,29979,29979,29979,29980,29981,29980,29983,29984,29982,29979,29976,29977,29978,29979,29973,29973,29988,29989,29991,29992,29993,29994,29994,29995,29995,29994,29996,29994,29994,29993,29994,29992,29992,29993,29993,29993,29993,29994,29994,29995,29995,29995,29995,29995,29995,29996,29996,29996,29996,29997,29997,29998,29998,29999,29999]} 1. Nf3 Nf6 2. g3 g6 3. Bg2 Bg7 4. O-O O-O 5. c4 d6 6. Nc3 e5 {6...e5 is better than 6...Nc6.} 7. e4 Nc6 {A24: English Opening vs King's Indian: Lines without ...Nc6.} 8. h3 Bd7 9. d3 a6 {The position is equal.} 10. Be3 {[#]} Qc8 $146 ({Predecessor:} 10... Nh5 11. Nd5 Ne7 12. Nxe7+ Qxe7 13. Qd2 Rfe8 14. Rac1 c5 15. a3 f5 16. exf5 gxf5 {1-0 (53) Biebinger,E-Krasnopeyeva,J (1934) Germany 2009}) 11. Kh2 Nh5 12. d4 exd4 13. Nxd4 Ne5 14. b3 c5 (14... Nf6 $16 {might work better.}) 15. Nde2 $18 Qb8 16. f4 Nc6 17. e5 Rd8 18. Qxd6 (18. exd6 $18 Qa7 19. Bf2) 18... Qxd6 $16 19. exd6 Re8 $2 {Black cannot hold the game after this.} (19... Nd4 $16) 20. Bxc5 $18 Rab8 21. Rad1 b6 22. Bd4 Nxd4 23. Nxd4 Re3 24. Nd5 Ree8 (24... Rxg3 $142 25. Ne2 Rxg2+ 26. Kxg2 Bc6) 25. Nc7 Re3 26. Nxa6 Rd8 27. Rf3 Re4 28. Rfd3 Ree8 29. Nc6 Bxc6 30. Bxc6 Re2+ 31. Bg2 Rxa2 32. Nb4 Rb2 33. d7 Nf6 34. Nc6 Rxd7 35. Rxd7 Nxd7 36. Rxd7 Rxb3 37. Bd5 Rb2+ 38. Kh1 Rb1+ 39. Kg2 Rb2+ 40. Kf1 b5 41. Rxf7 Kh8 42. Rb7 bxc4 43. Rxb2 Bxb2 44. Bxc4 Kg7 45. Kg2 h6 46. Kf3 Kf6 47. Ke4 g5 48. f5 h5 49. Nb4 h4 50. g4 {White mates.} Ke7 51. Kd5 Kf6 52. Nd3 Bc3 53. Nc5 Ba1 54. Kd6 Be5+ 55. Kd7 Bd4 56. Ne4+ Ke5 57. Nxg5 Kf4 58. Ne6+ {[%mdl 64] [#] Double Attack} Kg3 59. Nxd4 Kxh3 60. f6 Kxg4 61. f7 h3 62. Be6+ Kg3 63. Bxh3 {[%mdl 64] [#] Promotion} Kxh3 64. f8=R Kh4 65. Nb3 Kg5 66. Ke6 Kg4 67. Rf5 Kg3 68. Ke5 Kg4 69. Ke4 Kg3 70. Rf4 Kg2 71. Ke3 Kg3 72. Nd4 Kg2 73. Rf3 Kg1 74. Rf2 Kh1 75. Ke2 Kg1 76. Nf3+ Kh1 77. Rh2# {Weighted Error Value: White=0.21/Black=0.46} 1-0

[Event "African Online-ch Open 2021"]
[Site "Online"]
[Date "2021.02.01"]
[Round "9.19"]
[White "Mosutha, Thuso"]
[Black "Singe, Philip Mbawala"]
[Result "1-0"]
[WhiteElo "2036"]
[BlackElo "1857"]
[Annotator "TA"]
[PlyCount "129"]
[EventDate "2021.02.01"]
[EventType "swiss"]
[EventCountry "NET"]
[SourceTitle "playchess.com"]
[Source "ChessBase"]
[SourceQuality "1"]

{[%evp 11,129,47,47,8,27,23,37,41,41,33,35,5,6,0,23,-20,-15,-14,32,0,5,6,73,41,62,0,56,-12,83,-12,123,110,143,123,128,128,130,121,130,133,133,125,124,95,107,103,161,185,166,54,54,54,54,53,53,0,54,54,72,69,60,60,71,61,87,83,70,54,48,36,45,46,41,34,33,32,44,44,55,6,18,23,18,16,24,24,26,24,24,24,24,24,24,23,47,47,55,48,54,0,0,0,0,0,121,129,112,118,449,449,449,449,551,551,29984,29985,29985,29986,29985,29986]} 1. c4 Nf6 2. g3 e5 3. Bg2 Nc6 4. Nf3 Be7 5. O-O d6 6. Nc3 O-O 7. Rb1 {A29: English Opening: Four Knights Variation with 4 g3.} Be6 8. d3 Qd7 9. Ng5 {[#] White is slightly better.} Bg4 $146 ({Predecessor:} 9... h6 10. Nxe6 fxe6 11. e4 Nh7 12. f4 Bf6 13. Bh3 exf4 14. gxf4 Bd4+ 15. Kh1 Rf6 {1-0 (50) Khatnikov,A (1962)-Dzapshba,R Dagomys 2009}) 10. b4 h6 11. Nf3 a6 12. Re1 Bh3 13. Bh1 Rab8 14. a4 Nd8 15. b5 axb5 16. axb5 b6 (16... Ne6 $11) 17. Qc2 Ne6 18. Be3 (18. Bb2 $14) 18... Bg4 ({Black should play} 18... Ng4 $11) 19. Rec1 ({Better is} 19. Ra1 $14) 19... Nc5 (19... Nh7 $11) 20. d4 (20. Ra1 $16) 20... Bxf3 (20... Bf5 $11 21. Qd2 Bxb1 22. Rxb1 exd4 23. Nxd4 Rbc8) 21. Bxf3 $16 exd4 22. Bxd4 Ne6 23. Be3 Ng5 24. Bg2 Ng4 25. Bf4 Nf6 26. Bxg5 hxg5 27. Na2 {[%cal Bc3a2,Ba2b4,Bb4a6][%mdl 32]} Qe6 28. Nb4 Nd7 (28... Rbe8 $16) 29. Na6 $18 Rbc8 30. Qe4 ({White should try} 30. Bb7 $18) 30... Qxe4 $14 31. Bxe4 Nc5 32. Bf5 Ne6 33. Be4 Nc5 $1 {[%cal Rc5e4]} 34. Bc6 Bd8 35. Kg2 g6 36. Rc3 Kg7 37. Rd1 Bf6 38. Re3 Be5 39. Rf1 f5 40. f4 gxf4 41. gxf4 Bf6 42. Rff3 Rh8 43. Rh3 Rxh3 44. Rxh3 Bb2 45. Nxc5 bxc5 {[%mdl 4096] Endgame KRB-KRB} 46. Rb3 Bc1 47. Kg3 g5 48. fxg5 Bxg5 49. Ra3 Rf8 50. h4 Bf6 51. Ra7 {[#] Threatens to win with b6.} Rf7 $1 52. e4 Be5+ 53. Kf3 {Hoping for Bd5.} fxe4+ 54. Kxe4 Kf6 55. Kd5 (55. h5 $14) 55... Rh7 $11 56. h5 (56. Ba8 {with more complications.} Rxh4 57. Ra4 Rd4+ 58. Kc6 d5 59. Kxc5 Rxc4+ 60. Rxc4 dxc4 61. Kxc4 Ke6 62. Bd5+) 56... Rxh5 57. Be8 Rg5 (57... Rh8 $11) 58. Rxc7 $16 Bg3+ 59. Kc6 {[#] b6 is the strong threat.} Rg4 $2 {[%mdl 8192] Now Black is done in.} (59... d5 $16 {is more resistant.}) 60. Rf7+ $18 Ke5 61. Rf3 Bh2 62. Bf7 Rf4 63. Rxf4 {White mates.} Bxf4 64. Bd5 Bg5 65. b6 {Accuracy: White = 70%, Black = 69%.} 1-0

[Event "African Online-ch Open 2021"]
[Site "Online"]
[Date "2021.02.01"]
[Round "9.20"]
[White "Njoroge Martin"]
[Black "Strovsky, Mikhail"]
[Result "1-0"]
[WhiteElo "1965"]
[BlackElo "2164"]
[Annotator "TA"]
[PlyCount "139"]
[EventDate "2021.02.01"]
[EventType "swiss"]
[EventCountry "NET"]
[SourceTitle "playchess.com"]
[Source "ChessBase"]
[SourceQuality "1"]

{[%evp 15,139,47,49,13,21,12,30,30,38,17,47,0,0,-12,-1,-38,0,0,30,31,105,101,109,102,189,140,143,147,157,156,145,156,156,124,131,131,258,260,369,358,410,402,404,397,407,402,505,488,703,675,873,823,981,591,29996,501,471,481,447,431,423,412,573,573,552,564,652,630,619,618,618,514,514,514,484,506,556,524,631,629,662,644,576,615,664,624,570,572,537,781,655,776,694,673,796,795,773,893,830,792,29979,29980,29980,29981,29981,29982,29982,29983,29983,29984,29984,29985,29985,29986,29986,29987,29987,29988,29989,29990,29991,29992,29993,29992,29992,29993]} 1. e4 e5 2. Nf3 Nf6 3. Nxe5 d6 4. Nf3 Nxe4 5. d4 d5 6. Bd3 Be7 7. O-O O-O 8. Re1 Bf5 {The modern move.} 9. Nbd2 {[%cal Rd2e4] C42: Petroff Defence: 3 Nxe5 and unusual White 3rd moves.} Nd6 $1 10. Nf1 Nd7 11. Ng3 {White has an edge.} Bg6 12. Bf4 Nf6 {[#]} 13. Bxd6 $146 ({Predecessor:} 13. Ne5 Re8 14. b3 Bf8 15. c4 c6 16. c5 Nde4 17. Ne2 Nd7 18. Nxg6 hxg6 19. f3 Ng5 20. Qd2 Ne6 21. Be3 b6 22. cxb6 Qxb6 {½-½ (22) Krieger,H (2268)-Franck,R (2211) Finsterbergen 2009}) 13... Bxd6 14. Ne5 c6 15. f4 Bxd3 16. Qxd3 Nd7 (16... g6 {looks sharper.} 17. c3 Re8 18. Re2 Qb6 19. h3 Re7) 17. Nf5 Bxe5 (17... Nf6 $14) 18. fxe5 $16 g6 19. Nd6 c5 (19... Qe7 $16 {was called for.}) 20. dxc5 ({Don't play} 20. Nxb7 $6 Qb6 $16) 20... Nxc5 21. Qxd5 {[%mdl 64] [#] Double Attack} Ne6 22. b3 Qb6+ 23. Kh1 Rad8 24. Qe4 Rd7 25. Qh4 {Black must now prevent Ne4.} Qc6 (25... Qd8 $16 26. Qe4 Qb6) 26. Ne4 $40 {[%mdl 128] Threatening mate with Nf6+! Black is in trouble.} Kg7 (26... f5 {keeps fighting.}) 27. Nf6 {[%csl Gf6][%cal Rh4h7][%mdl 64] Double Attack} h6 28. Nxd7 Qxd7 29. Qf6+ Kh7 30. Rad1 Qc6 31. Rd6 Qc5 (31... Qc8 $142 32. c4 Nc5) 32. Rf1 Ng5 33. Rd7 Kg8 34. Rd8 Ne4 35. Rxf8+ (35. Qxf7+ $142 Kh8 36. Rxf8+ Qxf8 37. Qxf8+ Kh7 38. Rf7#) 35... Qxf8 {[%mdl 4096] Endgame KQR-KQN} 36. Qf4 Ng5 37. h4 Ne6 38. Qf6 Qe8 39. h5 gxh5 40. Qxh6 Qe7 41. Qxh5 Ng7 42. Qh2 Qc5 43. Rd1 {White threatens Rd8+ and mate.} Ne6 44. Qg3+ Kf8 45. c3 Qa5 46. a4 {[%cal Ba2a4,Ba4a5][%mdl 32] aiming for Rd7.} Qb6 47. b4 Qa6 48. a5 Qe2 49. Re1 Qh5+ 50. Qh2 Qg5 51. Qh8+ Ke7 52. Qf6+ Qxf6 53. exf6+ Kxf6 {KR-KN} 54. Kh2 Nc7 55. c4 Ne6 56. Rd1 Ke7 57. Kg3 f5 58. Re1 {White mates.} Kd6 {[#]} 59. Rxe6+ $1 Kxe6 {KP-KP} 60. Kf4 Kf6 61. b5 Ke6 62. c5 Kd5 63. Kxf5 Kxc5 64. g4 Kxb5 65. g5 Kxa5 {KPP-KP} 66. g6 Ka4 67. g7 b5 68. g8=Q a5 69. Qa2+ Kb4 70. Ke4 {Weighted Error Value: White=0.43/Black=0.65} 1-0

[Event "African Online-ch Open 2021"]
[Site "Online"]
[Date "2021.02.01"]
[Round "9.21"]
[White "Khalema, Sechaba"]
[Black "Ebersohn, Raymond Gerhard"]
[Result "0-1"]
[WhiteElo "1827"]
[BlackElo "1726"]
[Annotator "NA RC"]
[PlyCount "72"]
[EventDate "2021.02.01"]
[EventType "swiss"]
[EventCountry "NET"]
[SourceTitle "playchess.com"]
[Source "ChessBase"]
[SourceQuality "1"]
[TimeControl "1500+10"]

1. d4 {[%emt 0:00:00]} Nf6 {[%emt 0:00:05]} 2. c4 {[%emt 0:00:49]} e6 {[%emt 0:00:02]} 3. Nf3 {[%emt 0:00:05]} Bb4+ {[%emt 0:00:03]} 4. Nbd2 {[%emt 0:00:04]} b6 {[%emt 0:00:09]} 5. e3 {[%emt 0:00:04]} Bb7 {[%emt 0:00:07]} 6. Bd3 {[%emt 0:00:04]} Ne4 {[%emt 0:00:21]} 7. O-O {[%emt 0:00:04]} Nxd2 {[%emt 0:00:04]} 8. Bxd2 {[%emt 0:00:05]} Bxd2 {[%emt 0:00:02]} 9. Nxd2 {[%emt 0:00:03]} f5 {[%emt 0:00:04]} 10. f4 {[%emt 0:00:03]} Qf6 {[%emt 0:00:12]} 11. b4 {[%emt 0:00:05]} O-O {[%emt 0:00:13]} 12. Be2 {[%emt 0:00:06]} Nc6 {[%emt 0:01:03]} 13. Bf3 {[%emt 0:00:15]} Nd8 {[%emt 0:00:30]} 14. Nb3 {[%emt 0:00:07]} Bxf3 {[%emt 0:01:05]} 15. Qxf3 {[%emt 0:00:05]} Nf7 {[%emt 0:00:02]} 16. a4 {[%emt 0:00:06]} Nd6 {[%emt 0:00:05]} 17. Rfc1 {[%emt 0:00:05]} Ne4 {[%emt 0:00:05]} 18. c5 {[%emt 0:00:08]} Rac8 {[%emt 0:00:39]} 19. Rc2 {[%emt 0:00:05]} c6 {[%emt 0:02:06]} 20. Qf1 {[%emt 0:00:15]} Rb8 {[%emt 0:01:37]} 21. b5 {[%emt 0:00:15]} Rfc8 {[%emt 0:00:30]} 22. Rac1 {[%emt 0:00:08]} cxb5 {[%emt 0:00:14]} 23. axb5 {[%emt 0:00:10]} bxc5 {[%emt 0:00:09]} 24. dxc5 {[%emt 0:00:08]} e5 {[%emt 0:00:08]} 25. Qd3 {[%emt 0:00:12]} exf4 {[%emt 0:00:23]} 26. exf4 {[%emt 0:00:04]} Qh6 {[%emt 0:02:00]} 27. g3 {[%emt 0:00:07]} Qe6 {[%emt 0:00:06]} 28. Ra1 {[%emt 0:00:48]} Rc7 {[%emt 0:00:31]} 29. Ra6 {[%emt 0:00:06]} Qe7 {[%emt 0:00:27]} 30. Rd6 {[%emt 0:01:38]} Nxd6 {[%emt 0:00:05]} 31. cxd6 {[%emt 0:00:11]} Qe1+ {[%emt 0:00:04]} 32. Kg2 {[%emt 0:00:03]} Rxc2+ {[%emt 0:00:03]} 33. Qxc2 {[%emt 0:00:03]} Qe4+ {[%emt 0:00:03]} 34. Qxe4 {[%emt 0:00:03]} fxe4 {[%emt 0:00:01]} 35. Nc5 {[%emt 0:00:03]} Rxb5 {[%emt 0:00:08]} 36. Nxd7 {[%emt 0:00:03]} Rd5 {[%emt 0:00:08]} 0-1